书目信息 |
| 题名: |
大流转
|
|
| 作者: | 钱凤元Aqian feng yuan 主编 | |
| 分册: | ||
| 出版信息: | 北京 经济日报出版社 2000.08 |
|
| 页数: | 426页 | |
| 开本: | 20cm | |
| 丛书名: | 全球经济大盘点丛书 | |
| 单 册: | ||
| 中图分类: | F821 | |
| 科图分类: | ||
| 主题词: | 货币--研究--世界 , 货币 | |
| 电子资源: | ||
| ISBN: | 7-80127-745-7 | |
| 000 | 00731nam2 2200265 45 | |
| 001 | (011001)c2001007263 | |
| 005 | 20041013090549.76 | |
| 009 | (011001)c2001007263 | |
| 010 | @a7-80127-745-7@dCNY 24.00 | |
| 035 | @a(011001)c2001007263 | |
| 100 | @a20001129d2000 emky0chiy0110 ea | |
| 101 | 0 | @achi |
| 102 | @aCN@b110000 | |
| 105 | @ay z 000yy | |
| 200 | 1 | @a大流转@Ada liu zhuan@e国际货币风云录@f钱凤元等主编 |
| 210 | @a北京@c经济日报出版社@d2000.08 | |
| 215 | @a426页@d20cm | |
| 225 | 2 | @a全球经济大盘点丛书 |
| 461 | 0 | @12001 @a全球经济大盘点丛书 |
| 606 | 0 | @a货币@x研究@y世界 |
| 606 | 0 | @a货币 |
| 690 | @aF821@v4 | |
| 701 | 0 | @a钱凤元Aqian feng yuan@4主编 |
| 801 | 0 | @aCN@c20041013 |
| 905 | @a10447@dF821@eQ190 | |
| 大流转:国际货币风云录/钱凤元等主编.-北京:经济日报出版社,2000.08 |
| 426页;20cm.-(全球经济大盘点丛书) |
| ISBN 7-80127-745-7:CNY 24.00 |
| ● |
| 相关链接 |
|
|
|
正题名:大流转
索取号:F821/Q190
 
预约/预借
| 序号 | 登录号 | 条形码 | 馆藏地/架位号 | 状态 | 备注 |
| 1 | 399734 | 203997345 | 社科库409/422社科库 34排3列3层/ [索取号:F821/Q190] | 在馆 | |
| 2 | 399735 | 203997354 | 社科库409/409社科库 50排3列1层/ [索取号:F821/Q190] | 在馆 | |
| 3 | 399736 | 203997363 | 社科库409/409社科库 101排5列3层/ [索取号:F821/Q190] | 在馆 |